| 000 | 00501nam a2200205Ia 4500 | ||
|---|---|---|---|
| 003 | OSt | ||
| 005 | 20220617112712.0 | ||
| 008 | 210423s2012 xx 000 0 und d | ||
| 020 | _a9788130920580 | ||
| 040 | _cAL | ||
| 041 | _aeng | ||
| 082 | _a540 MALA | ||
| 100 |
_aMALLICK (Abhijit). _943737 |
||
| 245 | _aChemistry for engineers. | ||
| 260 |
_aNew Delhi _bViva Books Pvt Ltd _c2012 |
||
| 300 |
_axiii,780 _bPB |
||
| 365 |
_b595 _cINR |
||
| 906 | _aChemistry ; engineers. | ||
| 942 |
_2ddc _cBK |
||
| 999 |
_c154921 _d154921 |
||